Online katalóg knižníc regiónu Turca

Reprezentatívny zoznam nehmotného kultúrneho dedičstva Slovenska ; (Record no. 22785)

MARC details
000 -LEADER
fixed length control field 02922cam a2200733 4500
001 - CONTROL NUMBER
control field 22785
003 - CONTROL NUMBER IDENTIFIER
control field SK-KTurca
005 - DATE AND TIME OF LATEST TRANSACTION
control field 20260423132136.0
008 - FIXED-LENGTH DATA ELEMENTS--GENERAL INFORMATION
fixed length control field 220912s2021 xo o gr 000 0 slo
015 ## - NATIONAL BIBLIOGRAPHY NUMBER
National bibliography number SNBA2023/07
020 ## - INTERNATIONAL STANDARD BOOK NUMBER
International Standard Book Number 9788097385613
Qualifying information (brožované)
040 ## - CATALOGING SOURCE
Original cataloging agency SNK
Language of cataloging slo
Transcribing agency SNK
Description conventions rda
041 1# - LANGUAGE CODE
Language code of text/sound track or separate title slo
-- eng
Language code of original slo
043 ## - GEOGRAPHIC AREA CODE
Geographic area code e-xo---
044 ## - COUNTRY OF PUBLISHING/PRODUCING ENTITY CODE
MARC country code xo
ISO country code SK
072 #7 - SUBJECT CATEGORY CODE
Subject category code 930.85
Subject category code subdivision Dejiny civilizácie. Kultúrne dejiny
Source konspekt
072 #7 - SUBJECT CATEGORY CODE
Subject category code 39
Subject category code subdivision Etnológia. Etnografia. Folklór
Source konspekt
080 ## - UNIVERSAL DECIMAL CLASSIFICATION NUMBER
Universal Decimal Classification number 930.85:347.211
Edition identifier 2011
080 ## - UNIVERSAL DECIMAL CLASSIFICATION NUMBER
Universal Decimal Classification number 316.75-028.78
Edition identifier 2011
080 ## - UNIVERSAL DECIMAL CLASSIFICATION NUMBER
Universal Decimal Classification number (437.6)
Edition identifier 2011
080 ## - UNIVERSAL DECIMAL CLASSIFICATION NUMBER
Universal Decimal Classification number (083.8)
Edition identifier 2011
080 ## - UNIVERSAL DECIMAL CLASSIFICATION NUMBER
Universal Decimal Classification number 39
Edition identifier 2011
080 ## - UNIVERSAL DECIMAL CLASSIFICATION NUMBER
Universal Decimal Classification number 398
Edition identifier 2011
080 ## - UNIVERSAL DECIMAL CLASSIFICATION NUMBER
Universal Decimal Classification number 398.1
Edition identifier 2011
245 00 - TITLE STATEMENT
Title Reprezentatívny zoznam nehmotného kultúrneho dedičstva Slovenska ;
Remainder of title Zoznam najlepších spôsobov ochrany nehmotného kultúrneho dedičstva na Slovensku
Statement of responsibility, etc. zostavilli: Juraj Hamar, Miroslav Hanák, Stanislava Tichá, Eva Záhumenská ; editorka: Ľubica Voľanská ; preklady textov Tatiana Bužeková, Steven Gouws, Barbara Heyes, Judita Takáčová, Ľubica Voľanská
246 31 - VARYING FORM OF TITLE
Title proper/short title Representative list of the itangible cultural heritage of Slovakia
246 31 - VARYING FORM OF TITLE
Title proper/short title Register of best safeguarding practices in Slovakia
246 38 - VARYING FORM OF TITLE
Title proper/short title Nehmotné kultúrne dedičstvo Slovensko
246 31 - VARYING FORM OF TITLE
Title proper/short title Intangible cultural heritage Slovakia
264 #1 - PRODUCTION, PUBLICATION, DISTRIBUTION, MANUFACTURE, AND COPYRIGHT NOTICE
Place of production, publication, distribution, manufacture Bratislava
Name of producer, publisher, distributor, manufacturer Slovenský ľudový umelecký kolektív
Date of production, publication, distribution, manufacture, or copyright notice 2021
300 ## - PHYSICAL DESCRIPTION
Extent 83 strán
Other physical details fotografie (prevažne farebné)
Dimensions 23 cm
336 ## - CONTENT TYPE
Content type term text
Content type code txt
Source rdacontent
337 ## - MEDIA TYPE
Media type term bez média
Media type code n
Source rdamedia
338 ## - CARRIER TYPE
Carrier type term zväzok
Carrier type code nc
Source rdacarrier
500 ## - GENERAL NOTE
General note Dokument obsahuje 2 diela. Súbežná tiráž v angličtine
500 ## - GENERAL NOTE
General note Pravdepodobne preložené zo slovenčiny
546 ## - LANGUAGE NOTE
Language note Súbežný názov a text v angličtine
650 07 - SUBJECT ADDED ENTRY--TOPICAL TERM
Topical term or geographic name entry element nehmotné kultúrne dedičstvo
Source of heading or term SNKPH
650 07 - SUBJECT ADDED ENTRY--TOPICAL TERM
Topical term or geographic name entry element kultúrne tradície
Source of heading or term SNKPH
650 07 - SUBJECT ADDED ENTRY--TOPICAL TERM
Topical term or geographic name entry element Intangible cultural heritage
Source of heading or term SNKPHeng
650 07 - SUBJECT ADDED ENTRY--TOPICAL TERM
Topical term or geographic name entry element Cultural traditions
Source of heading or term SNKPHeng
650 07 - SUBJECT ADDED ENTRY--TOPICAL TERM
Topical term or geographic name entry element ľudová kultúra
Source of heading or term SNKPH
650 07 - SUBJECT ADDED ENTRY--TOPICAL TERM
Topical term or geographic name entry element folklór
Source of heading or term SNKPH
650 07 - SUBJECT ADDED ENTRY--TOPICAL TERM
Topical term or geographic name entry element ľudové tradície
Source of heading or term SNKPH
650 07 - SUBJECT ADDED ENTRY--TOPICAL TERM
Topical term or geographic name entry element Folk culture
Source of heading or term SNKPHeng
650 07 - SUBJECT ADDED ENTRY--TOPICAL TERM
Topical term or geographic name entry element Folklore
Source of heading or term SNKPHeng
650 07 - SUBJECT ADDED ENTRY--TOPICAL TERM
Topical term or geographic name entry element Folk traditions
Source of heading or term SNKPHeng
651 #7 - SUBJECT ADDED ENTRY--GEOGRAPHIC NAME
Geographic name Slovensko
Source of heading or term SNKPHgeo
651 #7 - SUBJECT ADDED ENTRY--GEOGRAPHIC NAME
Geographic name Slovakia
Source of heading or term SNKPHeng
655 #7 - INDEX TERM--GENRE/FORM
Genre/form data or focus term zoznamy
Source of term SNKPH
655 #7 - INDEX TERM--GENRE/FORM
Genre/form data or focus term Lists
Source of term SNKPHeng
700 1# - ADDED ENTRY--PERSONAL NAME
Personal name Hamar, Juraj,
Dates associated with a name 1965-
Relationship com
700 1# - ADDED ENTRY--PERSONAL NAME
Personal name Hanák, Miroslav
Relationship com
700 1# - ADDED ENTRY--PERSONAL NAME
Personal name Tichá, Stanislava
Relationship com
700 1# - ADDED ENTRY--PERSONAL NAME
Personal name Záhumenská, Eva
Relationship com
700 1# - ADDED ENTRY--PERSONAL NAME
Personal name Voľanská, Ľubica,
Dates associated with a name 1976-
Relationship edt
-- trl
700 1# - ADDED ENTRY--PERSONAL NAME
Personal name Bužeková, Tatiana,
Dates associated with a name 1963-
Relationship trl
700 1# - ADDED ENTRY--PERSONAL NAME
Personal name Gouws, Steven
Relationship trl
700 1# - ADDED ENTRY--PERSONAL NAME
Personal name Heyes, Barbara
Relationship trl
700 1# - ADDED ENTRY--PERSONAL NAME
Personal name Takáčová, Judita
Relationship trl
740 02 - ADDED ENTRY--UNCONTROLLED RELATED/ANALYTICAL TITLE
Uncontrolled related/analytical title Zoznam najlepších spôsobov ochrany nehmotného kultúrneho dedičstva na Slovensku
942 ## - ADDED ENTRY ELEMENTS (KOHA)
Source of classification or shelving scheme Dewey Decimal Classification
Koha item type Odborná literatúra pre dospelých
Suppress in OPAC No
Holdings
Stav vyradenia Strata Poškodenie Spôsob nadobudnutia Domovská knižnica Aktuálna knižnica Dátum nadobudnutia Total checkouts Čiarový kód exemplára Date last seen Typ exemplára
      Dar Obecná knižnica Belá-Dulice Obecná knižnica Belá-Dulice 23.04.2026   4735903418 23.04.2026 Odborná literatúra pre dospelých
Projekt je podporený Slovenskou asociáciou knižníc
Prevádzkuje Turčianska knižnica Martin 2026